Cost accounting / (Record no. 7907)

MARC details
000 -LEADER
fixed length control field 00548pam a2200181 a 4500
020 ## - INTERNATIONAL STANDARD BOOK NUMBER
ISBN 0256116571
050 00 - CALL NUMBER
Classification number HF5686.C8
Item number D24
100 1# - AUTHOR
Personal name Maher, Michael,
245 10 - TITLE
Title Cost accounting /
Statement of responsibility, etc Michael W. Maher, Edward B. Deakin.
250 ## - EDITION
Edition statement 4th ed.
260 ## - PUBLICATION INFORMATION
Place of publication Burr Ridge, Ill. :
Name of publisher Irwin,
Year of publication c1994.
300 ## - DESCRIPTION
Number of Pages xxx, 984 p. :
Other physical details ill. ;
Dimensions 26 cm.
440 #0 - SERIES
SERIES Irwin series in undergraduate accounting
500 ## - NOTES
General note Deakin's name appears first on the earlier editions.
650 #0 - SUBJECTS
Topical Term Cost accounting.
700 1# - OTHER AUTHORS
Personal name Deakin, Edward B.
942 ## - ADDED ENTRY ELEMENTS (KOHA)
Koha item type Books
Holdings
Withdrawn status Lost status Home library Current library Date acquired Full call number Accession Number Koha item type
    Methodist University Library Wenchi Faculty Methodist University Library Wenchi Faculty 18/10/2021 HF5686.C8 D24 13922 Books
Copyright © 2026  MUG Library